=LDR 00000nam 2200000 4500 =001 INLIS000000000030861 =005 20200903083815 =035 ##$$a 0010-061300000030861 =008 200903################g##########0#ind## =041 ##$$a ind =082 ##$$a 2X3.1 =090 ##$$a 2X3.1, Kha r =100 1#$$a Khalid, Amru =245 1#$$a Rahasia datangnya pertolongan Allah, Amru Khalid; penerjemah, Yrwan Raihan; editor,M.Badawi /$c Amru Khalid; penerjemah, Yrwan Raihan; editor,M.Badawi =260 ##$$a Solo :$b Aulia press,$c 2009 =300 ##$$a 318 hlm, ; $c 15 x 23 cm =650 #4$$a ALLAH SWT =850 ##$$a NBPNMAT =020 ##$$a 978-979-15666-4-x =084 ##$$a 2X3.1 KHA r =250 ##$$a cet. 1 =990 ##$$a 20900842 =990 ##$$a 20900844